000 00638nam a2200217 4500
003 OSt
005 20240628073354.0
006 a
008 240628b |||||||| |||| 00| 0 eng d
020 _a9780073525280
040 _aDWCL-Main lib.
_cOC
082 _2Fourth edition
_aCirc. 576.5 B872g 2012
100 _aBrooker, Robert J.
245 _aGenetics : analysis & principles /
250 _aFourth edition
260 _aN.Y. :
_bMcGraw-Hill,
_cc2012
300 _axviii,
_b(various paging) : ill. (somecol.) ;
_c29 cm.
504 _aIncludes index.
650 _a1. Genetics.
942 _2ddc
_n0
_cBK-CIRC
_eFourth edition
_kCirc.
999 _c1606
_d1606